00509nam a2200145Ia 4500003000900000008004100009020002600050040001600076100002600092245005700118260003200175300002000207490003300227856010300260IN-BaIIA211028s9999 xx s 000 0 eng d a9780819436375 (Print) cIIA Library aTrumper, Joachim, ed. 0aX-Ray Optics, Instruments, and Missions IIIh[eBook] aWashington, USAbSPIEc2000 aOnline resource aProceedings of SPIE; V. 4012 uhttps://www.spiedigitallibrary.org/conference-proceedings-of-spie/4012yClick Here to Access eBook